Curious George : (Record no. 3845)

MARC details
000 -LEADER
fixed length control field 01193cam a22003377a 4500
005 - DATE AND TIME OF LATEST TRANSACTION
control field 20240516150430.0
020 ## - INTERNATIONAL STANDARD BOOK NUMBER
International Standard Book Number 9780547119625
040 ## - CATALOGING SOURCE
Original cataloging agency BTCTA
Transcribing agency BTCTA
Modifying agency DMM
-- JAO
-- FTL
-- DLC
Language of cataloging eng
050 00 - LIBRARY OF CONGRESS CALL NUMBER
Classification number PZ73.S22
Item number 2009
082 00 - DEWEY DECIMAL CLASSIFICATION NUMBER
Classification number 573.8
100 1# - MAIN ENTRY--PERSONAL NAME
Personal name Sacks, Marcy Goldberg
Dates associated with a name 1974-
245 10 - TITLE STATEMENT
Title Curious George :
Remainder of title piñata party /
Statement of responsibility, etc. adaptation by Marcy Goldberg Sacks and Priya Giri Desai.
246 30 - VARYING FORM OF TITLE
Title proper/short title Piñata party
260 ## - PUBLICATION, DISTRIBUTION, ETC.
Place of publication, distribution, etc. Boston :
Name of publisher, distributor, etc. Houghton Mifflin Harcourt,
Date of publication, distribution, etc. 2009.
300 ## - PHYSICAL DESCRIPTION
Extent 21 pages :
Other physical details color illustrations ;
Dimensions 24 cm .
490 ## - SERIES STATEMENT
Series statement Curious George
505 ## - FORMATTED CONTENTS NOTE
Formatted contents note H <br/>
520 ## - SUMMARY, ETC.
Summary, etc. Curious George learns to use his senses of smell, hearing, and touch to do the best thing of all--taste the candy from a piñata!
521 ## - TARGET AUDIENCE NOTE
Target audience note 460 <br/>
Source Lexile <br/>
521 ## - TARGET AUDIENCE NOTE
Target audience note H <br/>
Source Raz-Plus <br/>
650 #0 - SUBJECT ADDED ENTRY--TOPICAL TERM
Topical term or geographic name entry element Monkeys
Form subdivision Juvenile fiction.
650 #0 - SUBJECT ADDED ENTRY--TOPICAL TERM
Topical term or geographic name entry element Senses and sensation
Form subdivision Juvenile fiction.
650 #0 - SUBJECT ADDED ENTRY--TOPICAL TERM
Topical term or geographic name entry element Birthday parties
Form subdivision Juvenile fiction.
650 #1 - SUBJECT ADDED ENTRY--TOPICAL TERM
Topical term or geographic name entry element Monkeys
Form subdivision Fiction.
650 #1 - SUBJECT ADDED ENTRY--TOPICAL TERM
Topical term or geographic name entry element Senses and sensation
Form subdivision Fiction.
700 ## - ADDED ENTRY--PERSONAL NAME
Personal name Desai, Priya Giri
700 ## - ADDED ENTRY--PERSONAL NAME
Personal name Miller, Craig
Dates associated with a name 1954-
906 ## - LOCAL DATA ELEMENT F, LDF (RLIN)
a 7
b cbc
c copycat
d 2
e ncip
f 20
g y-gencatlg
942 ## - ADDED ENTRY ELEMENTS (KOHA)
Source of classification or shelving scheme Dewey Decimal Classification
Koha item type Books
Suppress in OPAC No
999 ## -
-- 3845
-- 3845
Holdings
Withdrawn status Lost status Source of classification or shelving scheme Damaged status Not for loan Collection Home library Current library Shelving location Date acquired Total Checkouts Full call number Barcode Date last seen Date last checked out Price effective from Koha item type
    Dewey Decimal Classification     Juvenile Fiction Footprints International School Library Network Toul Kork Campus Footprints International School Library Network Toul Tom Poung Campus   05/16/2024 1 SAC 573.8 PZ73.S22 FIS03202 01/09/2026 12/12/2025 05/16/2024 Books